00676 2200217 4500001002100000005001500021035002000036007000300056008004100059020002200100082001200122084001800134100001900152245008500171250003200256260003600288300004900324650002800373650004000401700001700441INLIS00000000000394520251021030611 a0010-1025000221ta251021 g 0 ind  a978-602-453-919-1 a899.221 a899.221 JAM d0 aJamal Abujundi1 aDi Antara Dua Persimpangan :bKumpulan Cerpen Islami /cJamal Abujundi (Penulis) aCetakan Pertama, Maret 2018 aYogyakarta :bDeepublish,c2018 aviii; 58 Halaman :bIlustrasi; teks ;c20 cm 4aCerita Pendek Indonesia 4aKumpulan Kehidupan Beragama (Islam)0 aBunda Rahmah